Estética : (Record no. 34160)
[ view plain ]
| 000 -CABECERA | |
|---|---|
| campo de control de longitud fija | 00621nam a2200193 a 4500 |
| 001 - NÚMERO DE CONTROL | |
| campo de control | 000034669 |
| 005 - FECHA Y HORA DE LA ÚLTIMA TRANSACCIÓN | |
| campo de control | 20200930073829.0 |
| 008 - DATOS DE LONGITUD FIJA--INFORMACIÓN GENERAL | |
| campo de control de longitud fija | 111014s2005 cu 000 0 spa d |
| 020 ## - NÚMERO INTERNACIONAL ESTÁNDAR DEL LIBRO | |
| Número Internacional Estándar del Libro | 9592589585 |
| 040 ## - FUENTE DE LA CATALOGACIÓN | |
| Centro catalogador/agencia de origen | DO-SdBNP |
| Lengua de catalogación | spa |
| Centro/agencia transcriptor | BNPHU |
| 082 ## - NÚMERO DE LA CLASIFICACIÓN DECIMAL DEWEY | |
| Número de clasificación | xxxx |
| Número de documento/Ítem | E79 |
| 049 ## - FONDOS LOCALES (OCLC) | |
| Fondos de biblioteca | BNPD |
| 245 00 - MENCIÓN DE TÍTULO | |
| Título | Estética : |
| Resto del título | enfoques actuales / |
| Mención de responsabilidad, etc. | Mayra Sánchez Medina coord. ; Sonia Arias Curbelo ...[et al.]. |
| 260 ## - PUBLICACIÓN, DISTRIBUCIÓN, ETC. | |
| Lugar de publicación, distribución, etc. | La habana : |
| Nombre del editor, distribuidor, etc. | Editorial Félix Varela, |
| Fecha de publicación, distribución, etc. | 2005. |
| 300 ## - DESCRIPCIÓN FÍSICA | |
| Extensión | 299 p. ; |
| Dimensiones | 24 cm. |
| 700 1# - PUNTO DE ACCESO ADICIONAL--NOMBRE DE PERSONA | |
| Nombre de persona | Sánchez Medina, Mayra, |
| Término indicativo de función/relación | coord. |
| 9 (RLIN) | 60102 |
| 700 1# - PUNTO DE ACCESO ADICIONAL--NOMBRE DE PERSONA | |
| Nombre de persona | Arias Curbelo, Sonia |
| 9 (RLIN) | 60103 |
| 710 2# - PUNTO DE ACCESO ADICIONAL--NOMBRE DE ENTIDAD CORPORATIVA | |
| Nombre de entidad corporativa o nombre de jurisdicción como elemento de entrada | Colectivo de autores |
| 9 (RLIN) | 60104 |
| Estado de retiro | Estado de pérdida | Restricciones de uso | No para préstamo | Código de colección | Localización permanente | Ubicación/localización actual | Ubicación en estantería | Fecha de adquisición | Número de inventario | Total de préstamos | Signatura topográfica completa | Código de barras | Fecha visto por última vez | Precio válido a partir de | Tipo de ítem Koha |
|---|---|---|---|---|---|---|---|---|---|---|---|---|---|---|---|
| Excluido de préstamo | Monografías: Libros y Folletos | General | General | En catalogación | 14.10.2011 | LF1 | xxxx E79 | 34669-10 | 25.06.2020 | 25.06.2020 | No se presta | ||||
| Excluido de préstamo | Monografías: Libros y Folletos | General | General | En catalogación | 14.10.2011 | LF1 | xxxx E79 | 34669-20 | 25.06.2020 | 25.06.2020 | No se presta |
